000 00645nam a22002297a 4500
005 20250430122502.0
008 250430b |||||||| |||| 00| 0 eng d
020 _a9789351430643
037 _cTB
040 _aLCT
_cLCT
041 _2eng
_aeng
_heng
084 _aV2:2:(Z) Q14
100 _a Jain, M P
_9753559
245 _aIndian Constitutional Law/
250 _a 7th Edition
260 _aFaridabad, India
_bAllahabad Law Agency,
_c2014
300 _acxii, 837p.
650 _aIndian Constitutional Law
_9681864
650 _aConstitution of India
650 _aLaw
942 _2CC
_cTB
_hV2:2:(Z) Q14
_n0
999 _c1309824
_d1309824